| 000 | 00642nam a2200217 u 4500 | ||
|---|---|---|---|
| 005 | 20210223131314.0 | ||
| 008 | 100611s2000 es r 000 0 spa d | ||
| 020 | _a8435016528 | ||
| 035 | _aUPN01000176463 | ||
| 049 | _aCG | ||
| 050 | 4 |
_aPC3941 _bR6.3 2000 |
|
| 100 | 1 |
_aRodoreda, Mercé, _d1909-1983 _930407 |
|
| 245 | 1 | 3 |
_aLa calle de las camelias / _cMercé Rodoreda ; tr. de José Batlló. |
| 250 | _a2a ed. | ||
| 260 |
_aBarcelona, Esp. : _bEdhasa, _c2000. |
||
| 300 | _a271 p. | ||
| 440 | 0 |
_aPocket Edhasa ; _v152 |
|
| 534 |
_pTítulo original: _tEl carrer de les camèlies |
||
| 650 | 4 |
_aNOVELA CATALANA _916449 |
|
| 905 | _aLibro | ||
| 999 |
_c148566 _d148566 |
||